| 000 | 00535nam a2200193 a 4500 | ||
|---|---|---|---|
| 005 | 20240803063801.0 | ||
| 008 | 090604s2005 mx r 000 0 spa d | ||
| 020 | _a9706416404 | ||
| 035 | _aUPN01000170962 | ||
| 049 | _aCG | ||
| 050 | 4 |
_aPQ6719 A4.9 _bU4.6 |
|
| 100 | 1 |
_aSanz, Ignacio, _d1953- |
|
| 245 | 1 | 0 |
_aUno de los nuestros / _cIgnacio Sanz ; il. Fernando Cardoso Martínez. |
| 260 |
_aMéxico : _bProgreso, _c2005. |
||
| 300 |
_a143 p. : _bil. |
||
| 440 | 0 | _aRehilete | |
| 650 | 4 |
_aNovela española _910814 |
|
| 905 | _aLibro | ||
| 999 |
_c143067 _d143067 |
||